Statistics for States with the Most Net Academic In-Migration

Click here to take the quiz!

General Stats

  • This quiz has been taken 26 times
  • The average score is 6 of 10

Answers on the Map

Answers color-coded by a green-red scale on the quiz's map according to % correct below.
 

Answer Stats

StudentsAnswer% Correct
9514New York
96%
12698Ohio
83%
12920Pennsylvania
83%
6858Massachusetts
78%
10520Indiana
70%
8780Iowa
48%
11820Arizona
43%
8922New Hampshire
26%
14488Utah
26%
7520Alabama
13%

Score Distribution

Percentile by Number Answered

Percent of People with Each Score

Your Score History

You have not taken this quiz